|
|
|
|
| LEADER |
00000nlm0a2200000 4500 |
| 001 |
158217 |
| 005 |
20231101222024.0 |
| 035 |
|
|
|a (RuTPU)RU\TPU\book\171597
|
| 090 |
|
|
|a 158217
|
| 100 |
|
|
|a 20090420d1908 km y0rusy50 ca
|
| 101 |
0 |
|
|a rus
|
| 102 |
|
|
|a RU
|
| 105 |
|
|
|a y z 000zy
|
| 135 |
|
|
|a vrcn ---uucaa
|
| 181 |
|
0 |
|a i
|
| 182 |
|
0 |
|a b
|
| 200 |
1 |
|
|a Лекции по русскому государственному праву
|b Электронный ресурс
|v том 1
|f Н. И. Лазаревский
|
| 203 |
|
|
|a Текст
|c электронный
|
| 210 |
|
|
|a СПб.
|c Типография Спб. Акц. Общ "Слово"
|d 1908
|
| 230 |
|
|
|a 1 компьютерный файл (pdf; 169482 KB)
|
| 300 |
|
|
|a Заглавие с титульного экрана
|
| 300 |
|
|
|a Электронная версия печатной публикации
|
| 337 |
|
|
|a Adobe Reader
|
| 600 |
|
1 |
|a Монтескье
|g Шарль Луи
|b Ш. Л.
|c французский просветитель
|c правовед
|c философ
|f 1689-1755
|2 stltpush
|3 (RuTPU)RU\TPU\pers\587
|
| 606 |
1 |
|
|a Государство и право России
|x История
|2 stltpush
|3 (RuTPU)RU\TPU\subj\8397
|9 35812
|
| 610 |
1 |
|
|a конституционное право
|
| 610 |
1 |
|
|a законодательная власть
|
| 610 |
1 |
|
|a судебная власть
|
| 610 |
1 |
|
|a исполнительная власть
|
| 610 |
1 |
|
|a монархия
|
| 610 |
1 |
|
|a парламент
|
| 610 |
1 |
|
|a закон
|
| 610 |
1 |
|
|a органы управления
|
| 610 |
1 |
|
|a электронный ресурс
|
| 686 |
|
|
|a Х2(2)
|v LBC/SL-A
|2 rubbk
|
| 700 |
|
1 |
|a Лазаревский
|b Н. И.
|c русский юрист
|c государствовед, административист
|f 1868-1921
|g Николай Иванович
|2 stltpush
|3 (RuTPU)RU\TPU\pers\18822
|9 7059
|
| 801 |
|
1 |
|a RU
|b 63413507
|c 20090420
|g PSBO
|
| 801 |
|
2 |
|a RU
|b 63413507
|c 20090522
|g PSBO
|
| 856 |
4 |
|
|u http://www.lib.tpu.ru/fulltext/m/2009/consultant/lazarevsky_1.pdf
|
| 942 |
|
|
|c CF
|